000 00295nam a22001337a 4500
008 170925b xxu||||| |||| 00| 0 eng d
020 _a9780787963484
041 _aeng
080 _a37
100 _a46
101 _aEDU
245 _aTRANSFORMING THE CURRICULUM
_cJONES,E.A
942 _2udc
_cBK
999 _c29565
_d29565